Medical Instrumentation :Application and design (Record no. 19115)
[ view plain ]
| 000 -LEADER | |
|---|---|
| fixed length control field | 00394nam a2200169Ia 4500 |
| 082 ## - DEWEY DECIMAL CLASSIFICATION NUMBER | |
| Classification number | 610.28/WEB |
| Item number | WEB |
| 100 ## - MAIN ENTRY--PERSONAL NAME | |
| Personal name | Webster/J.G |
| 250 ## - EDITION STATEMENT | |
| Edition statement | 3 |
| 245 ## - TITLE STATEMENT | |
| Title | Medical Instrumentation :Application and design |
| 260 ## - PUBLICATION, DISTRIBUTION, ETC. | |
| Name of publisher, distributor, etc. | Wiley India |
| Place of publication, distribution, etc. | Mumbai |
| Date of publication, distribution, etc. | 2002 |
| 366 ## - TRADE AVAILABILITY INFORMATION | |
| Publishers's discount category | 15 |
| 300 ## - PHYSICAL DESCRIPTION | |
| Extent | 691 |
| 546 ## - LANGUAGE NOTE | |
| Language note | ENGLISH |
| 650 ## - SUBJECT ADDED ENTRY--TOPICAL TERM | |
| Topical term or geographic name entry element | INSTRUMENTATION |
| 654 ## - SUBJECT ADDED ENTRY--FACETED TOPICAL TERMS | |
| Focus term | medical instrumentation |
| 942 ## - ADDED ENTRY ELEMENTS (KOHA) | |
| Koha item type | BOOK |
| Withdrawn status | Lost status | Damaged status | Not for loan | Collection | Home library | Current library | Date acquired | Source of acquisition | Cost, normal purchase price | Inventory number | Total Checkouts | Full call number | Barcode | Date last seen | Date last checked out | Cost, replacement price | Price effective from | Koha item type |
|---|---|---|---|---|---|---|---|---|---|---|---|---|---|---|---|---|---|---|
| CRC | Fr. Agnel's C.Rodrigues College of Engineering | Fr. Agnel's C.Rodrigues College of Engineering | 17/03/2023 | Unique Book Distributors | 334.00 | 5422 dt 26/12/2007 | 1 | 610.28/WEB WEB | 18113 | 18/10/2024 | 20/08/2024 | 349.00 | BOOK | |||||
| CRC | Fr. Agnel's C.Rodrigues College of Engineering | Fr. Agnel's C.Rodrigues College of Engineering | 17/03/2023 | Unique Book Distributors | 334.00 | 5422 dt 26/12/2007 | 610.28/WEB WEB | 18114 | 17/03/2023 | 349.00 | BOOK | |||||||
| CRC | Fr. Agnel's C.Rodrigues College of Engineering | Fr. Agnel's C.Rodrigues College of Engineering | 17/03/2023 | Unique Book Distributors | 334.00 | 5422 dt 26/12/2007 | 610.28/WEB WEB | 18115 | 17/03/2023 | 349.00 | BOOK | |||||||
| CRC | Fr. Agnel's C.Rodrigues College of Engineering | Fr. Agnel's C.Rodrigues College of Engineering | 17/03/2023 | Unique Book Distributors | 334.00 | 5422 dt 26/12/2007 | 610.28/WEB WEB | 18116 | 17/03/2023 | 349.00 | BOOK | |||||||
| CRC | Fr. Agnel's C.Rodrigues College of Engineering | Fr. Agnel's C.Rodrigues College of Engineering | 17/03/2023 | Unique Book Distributors | 334.00 | 5422 dt 26/12/2007 | 610.28/WEB WEB | 18117 | 17/03/2023 | 349.00 | BOOK |